Brevis de vita Superintendentium Evangelicorum in Hungaria Commentatio Syllabus Literatorum Thurocziensium

1. Životopisy evanjelických superintendentov v Uhorsku. Dielo vyšlo tlačou v roku 1861 v Pešti. 2. Stručné údaje o literárne činných kňazoch z Turca. Rizner uvádza, že tento rukopis, ale menšieho formátu sa nachádza v Maďarskom národnom múzeu

Bibliographic Details
Main Author: Šmál, Andrej, 1706-1766 (Author)
Format: Manuscript Book
Language:Latin
German
PhysicalDescription:239 strán rukopis, viazaný 41 cm
Published: [Ratková?] 1751-1755
Subjects:

MARC

LEADER 00000ntmaa2200000 a 4500
001 vtls011887397
003 SK-MaSNL
005 20260301225941.0
008 251021i1751 xo ||h 000 1dlat
035 |a urn:nbn:sk:snk-tm00dx0n 
035 |a urn:nbn:sk:snk-tm3n2zu 
035 |a 78CB63DB-249E-4A16-AB53-45C3BE7F8E22 
040 |a SNKLA  |b slo  |c SNKLA  |e AACR2 
041 0 |a lat  |a ger 
044 |a xo  |c SK 
072 7 |a 929  |x Biografie  |2 konspekt 
080 |a 2-722.53  |2 2011 
080 |a 82-051  |2 2011 
080 |a 929(092)  |2 2011 
080 |a 27-9  |2 2011 
080 |a (01)  |2 2011 
080 |a 025.171  |2 2011 
080 |a 27-722.51/.52  |2 2011 
100 1 |a Šmál, Andrej,  |d 1706-1766  |4 aut  |9 159938 
245 1 0 |a Brevis de vita Superintendentium Evangelicorum in Hungaria Commentatio  |b Syllabus Literatorum Thurocziensium  |c Andreas Schmál 
260 |a [Ratková?]  |c 1751-1755 
300 |a 239 strán  |b rukopis, viazaný  |c 41 cm 
500 |a Kniha obsahuje dve diela 
500 |a Druhé dielo súvisí so signatúrami J 168 a J 182 
520 2 |a 1. Životopisy evanjelických superintendentov v Uhorsku. Dielo vyšlo tlačou v roku 1861 v Pešti. 2. Stručné údaje o literárne činných kňazoch z Turca. Rizner uvádza, že tento rukopis, ale menšieho formátu sa nachádza v Maďarskom národnom múzeu 
546 |a Napísané latinsky, v priviazanom texte prvého diela bibliografia Michala Kováča nemecky 
555 0 |a Zbierka literárnych jednotlivín 
561 |a Okrúhla pečiatka: Matica slovenská Martin Archív literatúry a umenia 
610 2 7 |a Evanjelická cirkev a.v.  |2 SNKKA  |9 32425 
650 0 7 |a cirkevné dejiny  |2 SNKPH  |9 3909 
650 0 7 |a kňazi  |2 SNKPH  |9 28986 
650 0 7 |a spisovatelia  |2 SNKPH  |9 4982 
650 0 7 |a cirkevní hodnostári  |2 SNKPH  |9 261074 
651 7 |a Turiec (Slovensko : región)  |2 SNKPHgeo  |9 238871 
651 7 |a Uhorsko  |2 SNKPHgeo  |9 28673 
655 7 |a biografie  |2 SNKPH  |9 27965 
655 7 |a bibliografie  |2 SNKPH  |9 28668 
655 7 |a rukopisy  |2 SNKPH  |9 70548 
740 0 2 |a Syllabus Literatorum Thurocziensium 
852 |a Slovenská národná knižnica  |b Literárny archív 
958 |a ZLJ 
958 |a LAVD 
999 |c 952909  |d 954839 
952 |a SNKLA  |b SNKLA  |c SNKLA_DEP  |y NEVYP  |7 0  |p 17A1228932  |o snkJ 112  |0 0  |1 0  |4 0  |d 2019-09-17  |f 1  |l 0  |r 2026-02-24 09:54:07  |w 2026-02-24